000 00943cam a22002535a 4500
005 20071219163730.0
008 990701s1999 txu 001 0 eng
010 _aENG-92102
020 _a0230634028
_c275.00
020 _a9780230634022
_c275.00
035 _aEN-75635
037 _bDBAD / PUB
040 _adpl
_bEnglish
082 _a882.08
100 _aJustman, Stewart
245 _aShakespeare: the drama of generations /
_cby Stewart Justman
260 _aNew Delhi
_bMacmillan
_c2007
300 _avii, 219p.
_c23 cm(Hb)
500 _aIncludes bibliographical references and index.
600 _aShakespeare, William, 1564-1616.
_xCriticism and interpretation.
650 _aEnglish drama.
942 _2ddc
_cEN
_mJUS
_h882.08
999 _c19640
_d19640